000 00315nam a2200121Ia 4500
008 191201s2016 xx 000 0 und d
100 _aOXFORD UNIERSITY PRESS
245 0 _aOxford English-English-Hindi Dictionary
260 _aN. Delhi
_bOxford
_c2016
300 _a1518
650 _aGeneral Books
942 _2ddc
_cBK
999 _c6699
_d6699